|
|
|
|
| LEADER |
00000nam0a2200000 4500 |
| 001 |
165809 |
| 005 |
20231031161935.0 |
| 010 |
|
|
|a 5279008400
|
| 020 |
|
|
|a RU
|b 92-25504
|
| 035 |
|
|
|a (RuTPU)RU\TPU\book\179866
|
| 090 |
|
|
|a 165809
|
| 100 |
|
|
|a 20090922d1992 km y0rusy5003 ca
|
| 101 |
0 |
|
|a rus
|
| 102 |
|
|
|a RU
|
| 105 |
|
|
|a a z 001zy
|
| 200 |
1 |
|
|a GW-, Turbo- и Quick BASIC для IBM PC
|f Ю. Л. Кетков
|
| 210 |
|
|
|a Москва
|c Финансы и статистика
|d 1992
|
| 215 |
|
|
|a 240 с.
|c ил.
|
| 320 |
|
|
|a Библиогр.: с. 225.
|
| 610 |
1 |
|
|a ПЭВМ
|
| 610 |
1 |
|
|a программирование
|
| 610 |
1 |
|
|a языки программирования
|
| 610 |
1 |
|
|a Бейсик
|
| 610 |
1 |
|
|a обработка информации
|
| 610 |
1 |
|
|a отладка
|
| 675 |
|
|
|a 681.3.06
|z rus
|
| 700 |
|
1 |
|a Кетков
|b Ю. Л.
|g Юлий Лазаревич
|4 070
|
| 801 |
|
0 |
|a RU
|b RuMRKP
|c 19950417
|g psbo
|
| 801 |
|
1 |
|a RU
|b 63413507
|c 20090922
|
| 801 |
|
2 |
|a RU
|b 63413507
|c 20100811
|g RCR
|
| 942 |
|
|
|c BK
|